| 000 | 00822nam a22002417a 4500 | ||
|---|---|---|---|
| 999 |
_c7570 _d7570 |
||
| 003 | AR-CdUCM | ||
| 008 | 190320b ||||| |||| 00| 0 spa d | ||
| 040 |
_aMUNICIPALIDAD PROVINCIAL DEL CUSCO _cBIBLIOTECA MUNICIPAL DEL CUSCO |
||
| 082 |
_a551 / _bC569 |
||
| 100 |
_aChovin, Paul _921378 |
||
| 245 | _aLa Polución Atmosferica | ||
| 260 |
_aBarcelona : _bOikos-tau, _c1970. |
||
| 300 |
_a128 paginas ; _bilustraciones, _c18 cm. |
||
| 440 |
_a¿ que se ? _n3 _921379 |
||
| 505 | _aContenido: meteorologia -- origen y naturaleza -- niveles de polucion -- seres humanos -- efectos de los vegetales... | ||
| 650 |
_aAtmosferica _921380 |
||
| 650 |
_aMeteorologia _921381 |
||
| 650 |
_aVegetales _921382 |
||
| 650 |
_aAspectos economicos _9261 |
||
| 700 |
_aFrontera, Guillem _921383 |
||
| 942 |
_2ddc _cLIBROS |
||
| 945 | _arum | ||